000 00536nam a2200229Ia 4500
008 210210b2012 xxu||||| |||| 00| 0 eng d
020 _a9788130917740
041 _aeng
082 _a547 PART
100 _aPARASHAR (Rakesh K)
245 _aText book of organic chemistry
260 _aNew Delhi
_bViva books
_c2012
300 _axvii,486
650 _aText
650 _aorganic
650 _aof
650 _achemistry
650 _abook
690 _aOrganic Chemistry
700 _aAHLUWALIA (V K)
906 _a066770
999 _c149230
_d149230